000 00942nam a22002897a 4500
001 BR8402639
003 BR-BrBNA
005 20230928091924.0
007 ta
008 230509b bl.||||| |||| 00| 0 por d
040 _aBR-BrBNA
_bpor
_cBiblioteca Nacional de Agricultura
041 _a(Por)
072 _aT00
_b/G514
090 _ T00 BR8402639
100 1 _aSerran, J.R.
110 1 _aCamara dos Deputados, Brasilia, DF (Brasil). Comissao de Ciencia e Tecnologia
_91317
111 1 _aSeminario sobre Agrotoxicos, Poluicao e Saude
_cBrasilia, DF (Brazil)
_d23 Aug 1984
245 1 _aA situacao atual das regioes industriais brasileiras, com enfase as ja consideradas em estado critico de poluicao
260 3 _aBrasilia, DF (Brasil):
_c1984.
300 _a8 p.
650 _aMEIO AMBIENTE
650 _aINDUSTRIA
650 _aRESIDUO INDUSTRIAL
650 _aPOLUICAO
909 _a202309
_bLucia
_c55
_dLucia Elande
942 _cBK
999 _c36213
_d36213